Patent Engineering A Guide to Building a Valuable Patent Portfolio and Controlling the Marketplace /

Detalles Bibliográficos
Autor principal: Rimai, Donald S.
Formato: eBook
Lenguaje:inglés
Publicado: Hoboken: Wiley, 2016
Materias:
Acceso en línea:Acceso restringido

MARC

LEADER 00000nam a22000007a 4500
005 20210309220417.0
007 cr|||| ||||
008 210309s2016 us |||||s|||| 00||0 eng d
020 |a 978-1-118-94610-7 
035 |a 32443 
040 |a vLex 
090 |c 11334  |d 11334 
100 1 |a Rimai, Donald S. 
245 1 0 |a Patent Engineering  |h [Recurso electrn̤ico] :  |b A Guide to Building a Valuable Patent Portfolio and Controlling the Marketplace /  |c Donald S. Rimai 
256 |a Servicio en ln̕ea 
260 |a Hoboken:  |b Wiley,  |c 2016 
300 |a 1 recurso electrn̤ico 
500 |a Patents are a vital asset in the modern business world. They allow patent holders to introduce new products in to a market while deterring other market players from simply copying innovative features without making comparable investments in research and development. In years past, a few patents may have provided adequate protection. That is no longer the case. In today's world, it is critical that innovative companies protect the features of their products that give them a competitive advantage with a family or portfolio of patents that are strategically generated to protect the market position of the patent holder. A patent portfolio that deters competitors from introducing competitive products in a timely manner can be worth billions of dollars. Anything less than this is an expensive and possibly fatal distraction. This book provides a strategic framework for cost efficient engineering of patent portfolios that protect your investments in research and development and that extend the market advantages that these investments provide. 
506 1 |a Disponible solo en los productos indicados  |d vLex Global  |d vLex Global (Academic Edition, excluding Law Schools)  |d vLex Global (Academic Edition, Law Schools) 
650 0 4 |a Propiedad Intelectual  |z Estados Unidos 
740 0 |a vLex Libros (Servicio en ln̕ea) 
856 4 0 |u http://vlex.com/source/patent-engineering-a-guide-to-building-a-valuable-patent-portfolio-and-controlling-the-marketplace-32443  |z Acceso restringido 
942 |c BOOK 
999 0 |a Intellectual property